| 000 | 01102cam a2200289 a 4500 | ||
|---|---|---|---|
| 001 | 2435 | ||
| 005 | 20231207110536.0 | ||
| 020 |
_a0805016147 _c$14.95 |
||
| 040 |
_aDLC _cDLC _dDLC _beng |
||
| 050 | 0 | 0 |
_aPZ7.A4625 _bGh 1991 |
| 082 | 0 | 0 |
_a823.4 _220 |
| 100 | 1 | _aAlphin, Elaine Marie | |
| 245 | 1 | 4 |
_aThe ghost cadet / _cElaine Marie Alphin |
| 250 | _aFirst Scholastic printing, November 1991 | ||
| 260 |
_aNew York : _bScholastic, _c1991 |
||
| 300 |
_a182 pages : _c22 cm |
||
| 505 | _aP | ||
| 520 | _aTwelve-year-old Benjy, in Virginia visiting the grandmother he has never met, meets the ghost of a Virginia Military Institute cadet who was killed in the Battle of New Market in 1864 and helps him recover his family's treasured gold watch. | ||
| 521 |
_a830 _bLexile |
||
| 521 |
_aP _bRaz-Plus |
||
| 650 | 0 |
_aNew Market, Battle of, New Market, Va., 1864 _vJuvenile fiction. |
|
| 650 | 1 |
_aNew Market, Battle of, New Market, Va., 1864 _vFiction. |
|
| 650 | 1 |
_aGhosts _vFiction. |
|
| 650 | 1 |
_aGrandmothers _vFiction. |
|
| 906 |
_a7 _bcbc _corignew _d1 _eocip _f19 _gy-gencatlg |
||
| 942 |
_2ddc _cBK _n0 |
||
| 999 |
_c2435 _d2435 |
||